<?xml version="1.0" encoding="UTF-8"?>
<record
    xmlns:xsi="http://www.w3.org/2001/XMLSchema-instance"
    xsi:schemaLocation="http://www.loc.gov/MARC21/slim http://www.loc.gov/standards/marcxml/schema/MARC21slim.xsd"
    xmlns="http://www.loc.gov/MARC21/slim">

  <leader>01538nam a2200205Ia 4500</leader>
  <controlfield tag="005">20231124153816.0</controlfield>
  <controlfield tag="008">220524s9999    xx            000 0 und d</controlfield>
  <datafield tag="020" ind1=" " ind2=" ">
    <subfield code="a">870022652</subfield>
  </datafield>
  <datafield tag="041" ind1=" " ind2=" ">
    <subfield code="a">eng</subfield>
  </datafield>
  <datafield tag="082" ind1=" " ind2=" ">
    <subfield code="a">646.2</subfield>
  </datafield>
  <datafield tag="100" ind1=" " ind2=" ">
    <subfield code="a">Draper Wanda</subfield>
  </datafield>
  <datafield tag="245" ind1=" " ind2=" ">
    <subfield code="a">Steps In Clothing Skills Revised</subfield>
  </datafield>
  <datafield tag="260" ind1=" " ind2=" ">
    <subfield code="b">Bennett Publishing Company-United America</subfield>
    <subfield code="c">1978</subfield>
  </datafield>
  <datafield tag="300" ind1=" " ind2=" ">
    <subfield code="a">528</subfield>
  </datafield>
  <datafield tag="520" ind1=" " ind2=" ">
    <subfield code="a">PART ONE  - PERSONALITY PLUS
Chapter 1 Good Looks from Top to Toe
Chapter 2 Your Manners are Showing
PART TWO &#x2013; FABRICS FOR FASHION
Chapter 3 Fun with Fibers
Chapter 4 Wonders of Weaving
Chapter 5 Texture
Chapter 6 Designs in Fabrics
Chapter 7 Finishes
PART THREE THE MAJIC OF DESIGN &amp; COLOR
Chapter 8 Line, Shape, and You
Chapter 9 You in a World of Color
Chapter 10 You &amp; Color magic
PART FOUR &#x2013; KEEPING YOUR WARDROBE UP-TO-DATE
Chapter 11 Managing your Wardrobe
Chapter 12 When you Shop
Chapter 13 Clothing Care &#x2013; the Easy Way
Chapter 14 Storage Know-How
PART FIVE &#x2013; SEWING STEPS 
Chapter 15 Sewing Equipment
Chapter 16 The Sewing Machine
Chapter 17 Selecting &amp; Fitting Your Pattern
Chapter 18 Preparing Fabrics for Cutting
Chapter 19 Getting Ready to use your Pattern
Chapter 20 Let&#x2019;s Learn to Press
Chapter 21 Taking Steps toward a Finished Garment
Chapter 22 Let&#x2019;s Plan &amp; Sew A Garment
Chapter 23 Let&#x2019;s Dress up your Finished Garments
PART SIX &#x2013; GETTING READY FOR A JOB
Chapter 24 Getting Ready for a Job
</subfield>
  </datafield>
  <datafield tag="650" ind1=" " ind2=" ">
    <subfield code="a">Sewing</subfield>
    <subfield code="9">204368</subfield>
  </datafield>
  <datafield tag="700" ind1=" " ind2=" ">
    <subfield code="a">Bailey Annetta</subfield>
  </datafield>
  <datafield tag="906" ind1=" " ind2=" ">
    <subfield code="a">-</subfield>
  </datafield>
  <datafield tag="942" ind1=" " ind2=" ">
    <subfield code="c">BK</subfield>
  </datafield>
  <datafield tag="999" ind1=" " ind2=" ">
    <subfield code="c">8043</subfield>
    <subfield code="d">8043</subfield>
  </datafield>
  <datafield tag="952" ind1=" " ind2=" ">
    <subfield code="0">0</subfield>
    <subfield code="1">0</subfield>
    <subfield code="4">0</subfield>
    <subfield code="7">1</subfield>
    <subfield code="a">SOFT</subfield>
    <subfield code="b">SOFT</subfield>
    <subfield code="d">2020-02-17</subfield>
    <subfield code="e">Design Book Studio</subfield>
    <subfield code="g">12175.00</subfield>
    <subfield code="o">-</subfield>
    <subfield code="p">SOFT-BK-3736</subfield>
    <subfield code="r">2022-07-08 00:00:00</subfield>
    <subfield code="v">9131.25</subfield>
    <subfield code="w">2022-07-08</subfield>
    <subfield code="y">RF</subfield>
    <subfield code="z">003736</subfield>
  </datafield>
</record>
